000 00317cam a22000977a 4500
008 180718b1958 xxu||||| |||| 00| 0 eng d
100 _aIndia. Rajya Sabha Secretariat
245 _aRajya Sabha debates, Vol. XXIII-(ii), Nos. 9-16 (5 - 16 Dec. 1958)
260 _aNew Delhi
_bRajya Sabha Secretariat
_c1958
300 _av.p.
999 _c486198
_d486198